000 00667nam a2200253Ia 4500
003 OSt
005 20220912151544.0
006 a|||||r|||| 00| 0
007 ta
008 220909b |||||||| |||| 00| 0 eng d
024 _a35484
037 _cTextual
040 _aCSL
_beng
_cCSL
041 _aeng
082 _aD65,8(B)0bX:8, L7;1
100 _aChetverikov V
245 0 _aData processing for control and management
260 _aMoscow
_bMir Publishers
_c1977
300 _a374p.
_ccm.
650 _a Management
650 _aEngineering
942 _hD65,8(B)0bX:8, L7;1
_cTEXL
_2CC
999 _c71230
_d71230